000 00228nam a2200097Ia 4500
008 240331s9999 xx 000 0 und d
082 _bJAY
100 _aJayawardena, K.P
245 0 _aWomen and governance in Sri Lanka
942 _cL
999 _c5494
_d5494